000 00658nam a2200277Ia 4500
005 20260121124704.0
008 008 260114s9999 xx 000 0 eng d
020 _a9781447348870
037 _aEBOOK
040 _aCRL
040 _beng
040 _cCRL
041 _2eng
041 _aeng
084 _qCRL
100 _aCook, Kay
_9980283
245 4 _aThe Failure of Child Support
260 _bWalter de Gruyter
260 _bWalter de Gruyter
260 _c2022
650 _aPolitical Science
_9980284
856 _uhttp://www.degruyter.com/isbn/9781447348870
942 _cEBOOK
999 _c1556456
_d1556456